000 00921nam a22001817a 4500
005 20230915122001.0
010 _aB-755785
020 _a9789355361325
_c200.00
035 _aB-755785
082 _22022
_a821
_b1
100 _aकुमार, प्रभा अनिल
_956679
245 _aरिश्तो में बुनी हुई औरत /
_cअनिल प्रभा कुमार
260 _aजयपुर
_bबोधि प्रकाशन
_c2022
270 _aसी - 46 सुदर्शनपुरा इंडस्ट्रियल एरिया एक्सटेंशन नाला रोड , 22गोदाम
_bजयपुर
_e302006
300 _a108पृ.
_b23सेमी (सजिल्द)
942 _2ddc
_cHN
_e2022
_h821
_mकुमार
999 _c198172
_d198172